| 000 | 00678nam a2200181Ia 4500 | ||
|---|---|---|---|
| 008 | 090630s9999 xx 000 0 und d | ||
| 082 | _b18477 | ||
| 100 | _aटोळ दत्ता श्री. | ||
| 245 |
_aपरीराणीची कहाणी. _cटोळ दत्ता श्री. |
||
| 260 |
_bकारजे - जगताप - पुणे. _c1965 |
||
| 300 | _a46 | ||
| 600 | _aटोळ दत्ता श्री. | ||
| 630 | _aपरीराणीची कहाणी. | ||
| 655 | _aबालवाङमय. | ||
| 700 | _aटोळ दत्ता श्री. | ||
| 730 | _aपरीराणीची कहाणी. | ||
| 942 | _cBOOK | ||
| 999 |
_c270333 _d270333 |
||